000 00701nam a2200181Ia 4500
008 100921s9999 xx 000 0 und d
082 _b23266
_a891.462041 ढ 99
100 _aवाडकर ज्ञानेश.
245 _aकायदा माझ्या हातात.
260 _bअमित प्रकाशन, गोवा.
_c1899
300 _a88
_bअमित प्रकाशन, गोवा
365 _b20
520 _aललित-एकांकिका.
630 _aकायदा माझ्या हातात.
650 _aललित-एकांकिका.
730 _aकायदा माझ्या हातात.
942 _cBOOK
999 _c772379
_d772376